[Event "KUP CENTRALNE SRBIJE"]
[Site "Kragujevac"]
[Date "2016.04.22"]
[Round "4.1"]
[White "Zajic, Milan"]
[Black "Irizanin, Radoje"]
[Result "0-1"]
[WhiteElo "2491"]
[BlackElo "2280"]
[PlyCount "158"]
[EventDate "2016.04.20"]

1. e4 Nf6 2. e5 Nd5 3. d4 d6 4. c4 Nb6 5. exd6 cxd6 6. Nc3 Bf5 7. Be3 e6 8. Nf3
Be7 9. Be2 O-O 10. O-O N8d7 11. b3 Nf6 12. h3 h6 13. Rc1 Re8 14. Bd3 Bxd3 15.
Qxd3 Bf8 16. Rfe1 a6 17. Re2 Nbd7 18. Rce1 Qc7 19. Bf4 Rac8 20. Re3 Qa5 21. Qb1
Qb4 22. R3e2 b5 23. a3 Qxa3 24. Ra2 Qb4 25. Nxb5 d5 26. Nc7 Red8 27. Nxa6 Qb7
28. c5 Ne4 29. Rc1 g5 30. Bh2 Rc6 31. Qd3 Ra8 32. Rca1 Raxa6 33. Rxa6 Ndxc5 34.
dxc5 Nxc5 35. Rxc6 Nxd3 36. Rc7 Qb6 37. Rc8 Nxf2 38. Raa8 Nxh3+ 39. Kh1 Nf2+
40. Kg1 Ng4+ 41. Kh1 Qxb3 42. Rxf8+ Kg7 43. Be5+ f6 44. Rg8+ Kh7 45. Bg3 e5 46.
Rh8+ Kg6 47. Rhg8+ Kh5 48. Ra1 e4 49. Rf1 Qd3 50. Kg1 Ne3 51. Re1 exf3 52. gxf3
Qh7 53. Rd8 Nf5 54. Bf2 d4 55. Re6 Qf7 56. Re4 Kg6 57. Bxd4 Qc7 58. Rde8 Qg3+
59. Kf1 Nxd4 60. Rxd4 Qxf3+ 61. Ke1 Qc3+ 62. Rd2 h5 63. Rg8+ Kf5 64. Rgd8 h4
65. R8d5+ Kg6 66. R5d3 Qe5+ 67. Kf1 g4 68. Rd8 Qf4+ 69. Kg2 Qe4+ 70. Kh2 Qf4+
71. Kg1 h3 72. Rf2 Qg3+ 73. Kf1 h2 74. Rh8 Qg1+ 75. Ke2 h1=Q 76. Rg8+ Kf7 77.
Rd8 Qe4+ 78. Kd2 Qxf2+ 79. Kc1 Qec2# 0-1

[Event "KUP CENTRALNE SRBIJE"]
[Site "Kragujevac"]
[Date "2016.04.22"]
[Round "4.1"]
[White "Mirkovic, Stevan"]
[Black "Djordjevic, Vuk"]
[Result "0-1"]
[WhiteElo "2333"]
[BlackElo "2410"]
[PlyCount "130"]
[EventDate "2016.04.20"]

1. Nf3 Nf6 2. c4 e6 3. Nc3 Bb4 4. Qc2 O-O 5. a3 Bxc3 6. Qxc3 b6 7. b4 Bb7 8.
Bb2 d6 9. g3 Nbd7 10. Bg2 c5 11. O-O Rc8 12. d3 d5 13. cxd5 exd5 14. bxc5 bxc5
15. e3 Qe7 16. Rac1 Rc7 17. Qa5 Qd6 18. Nd4 Qb6 19. Qc3 Rfc8 20. Nf5 Nf8 21.
Rb1 Qa6 22. Qe5 Ng6 23. Nh6+ Kf8 24. Qf5 Rd8 25. Bxf6 Qxf6 26. Qxf6 gxf6 27.
Nf5 Bc8 28. Rb8 Ne5 29. Ra8 Nxd3 30. Rd1 c4 31. Nd4 a6 32. Bf1 Nc5 33. Nc2 Ne6
34. Bg2 Rc5 35. Rxd5 Rcxd5 36. Bxd5 Nc7 37. Rxc8 Rxc8 38. Bxc4 Ne6 39. Bd3 Rc3
40. Bxh7 Ng7 41. a4 f5 42. Nd4 Rc4 43. Nxf5 Nxf5 44. Bxf5 Rxa4 45. Kg2 Rb4 46.
Kf3 a5 47. Be4 a4 48. Bd5 Rb2 49. g4 a3 50. h4 a2 51. Bxa2 Rxa2 52. Kg3 Kg7 53.
f3 Kf6 54. Kf4 Kg6 55. e4 Ra3 56. Kg3 Ra1 57. Kf4 f6 58. Kg3 Rh1 59. f4 Ra1 60.
f5+ Kh6 61. Kf4 Rf1+ 62. Kg3 Rh1 63. e5 fxe5 64. g5+ Kh5 65. f6 Rf1 0-1

[Event "KUP CENTRALNE SRBIJE"]
[Site "Kragujevac"]
[Date "2016.04.22"]
[Round "4.1"]
[White "Brankovic, Dejan"]
[Black "Smolovic, Mile"]
[Result "1/2-1/2"]
[WhiteElo "2352"]
[BlackElo "2283"]
[PlyCount "36"]
[EventDate "2016.04.20"]

1. e4 Nf6 2. e5 Nd5 3. c4 Nb6 4. d4 d6 5. f4 dxe5 6. fxe5 c5 7. d5 g6 8. Nf3
Bg4 9. Bf4 Bg7 10. Nbd2 O-O 11. h3 Bxf3 12. Nxf3 e6 13. dxe6 fxe6 14. Qxd8 Rxd8
15. Be2 Nc6 16. O-O Nd7 17. Ng5 Bxe5 18. Bg4 Bd4+ 1/2-1/2

[Event "KUP CENTRALNE SRBIJE"]
[Site "Kragujevac"]
[Date "2016.04.22"]
[Round "4.1"]
[White "Gavrilovic, Leonardo"]
[Black "Mladenovic, Stefan"]
[Result "1-0"]
[WhiteElo "2191"]
[BlackElo "2329"]
[PlyCount "187"]
[EventDate "2016.04.20"]

1. Nf3 Nf6 2. c4 Nc6 3. d4 e6 4. a3 d6 5. Nc3 g6 6. g3 Bg7 7. Bg2 O-O 8. O-O a5
9. h3 h6 10. Re1 e5 11. d5 Nb8 12. e4 Bd7 13. Be3 Na6 14. Nd2 b6 15. Rb1 Nc5
16. Nb3 a4 17. Nxc5 bxc5 18. b4 axb3 19. Qxb3 Qc8 20. Kh2 Qa6 21. Ra1 Rfb8 22.
Qa2 Be8 23. Bf1 Rb7 24. Bd3 Rba7 25. Qd2 Kh7 26. Reb1 Qc8 27. Rb3 c6 28. dxc6
Bxc6 29. Qb2 Ne8 30. Nd5 Bxd5 31. cxd5 f5 32. Bb5 fxe4 33. Bc6 Nf6 34. a4 Ra6
35. Bb7 Qf8 36. Bxa6 Rxa6 37. Qd2 Qf7 38. Rab1 Qxd5 39. a5 c4 40. Rb6 Rxa5 41.
Rxd6 Qxd2 42. Bxd2 Ra7 43. Rbb6 Rf7 44. Be3 Ng8 45. Rbc6 Bf8 46. Re6 Bg7 47.
Rxc4 Nf6 48. Rcc6 Nd5 49. Bc5 g5 50. Kg2 Nc3 51. Re7 Rxe7 52. Bxe7 Nd5 53. Bc5
Kg8 54. Ba7 Kf7 55. Rc4 Nf6 56. Bb6 Nd5 57. Bd8 e3 58. Kf3 exf2 59. Kxf2 Ke8
60. Ba5 Kd7 61. Bd2 Bf8 62. Kf3 Nf6 63. Ra4 Ke6 64. Ra6+ Kf7 65. Ra7+ Ke6 66.
Ra6+ Kf7 67. Bc1 e4+ 68. Kg2 Nd5 69. Ra4 Nf6 70. Bb2 Be7 71. Bxf6 Bxf6 72. Rxe4
Kg6 73. Kf3 h5 74. Ra4 Kf5 75. Ra5+ Be5 76. g4+ hxg4+ 77. hxg4+ Ke6 78. Ke4 Bf4
79. Ra6+ Kf7 80. Kf5 Kg7 81. Ra7+ Kg8 82. Kg6 Kf8 83. Ra8+ Ke7 84. Ra7+ Kf8 85.
Kf6 Kg8 86. Ra8+ Kh7 87. Kf7 Bg3 88. Ra1 Kh6 89. Rh1+ Bh4 90. Rh3 Kh7 91. Rxh4+
gxh4 92. g5 h3 93. g6+ Kh6 94. g7 1-0

[Event "KUP CENTRALNE SRBIJE"]
[Site "Kragujevac"]
[Date "2016.04.22"]
[Round "4.2"]
[White "Maksimovic, Branimir"]
[Black "Marjanovic, Milan"]
[Result "1-0"]
[WhiteElo "2330"]
[BlackElo "2015"]
[PlyCount "95"]
[EventDate "2016.04.20"]

1. Nf3 d5 2. c4 dxc4 3. e3 e6 4. Bxc4 Nf6 5. d4 b6 6. Nc3 Bb7 7. O-O Be7 8. Qe2
c5 9. Rd1 Qc8 10. e4 cxd4 11. Nxd4 O-O 12. Bg5 Ba6 13. Bxa6 Qxa6 14. e5 Nd5 15.
Nxd5 Bxg5 16. Nc7 Qb7 17. Nxa8 Qxa8 18. Qf3 Qxf3 19. Nxf3 Be7 20. Rac1 Bc5 21.
a3 a5 22. Nd4 g5 23. Nb3 Na6 24. Nxc5 Nxc5 25. b4 axb4 26. axb4 Na6 27. Rd4 Kg7
28. g4 Rb8 29. Rc6 Rb7 30. Kf1 Nb8 31. Rcd6 b5 32. Kg2 Kg6 33. h4 h5 34. Kg3
gxh4+ 35. Kxh4 hxg4 36. Kxg4 Kh6 37. f4 Kh7 38. f5 exf5+ 39. Kxf5 Kg7 40. R4d5
Rc7 41. Rxb5 Nd7 42. Rbd5 Nf8 43. Rd1 Rc2 44. Rg1+ Kh7 45. Rf6 Rc7 46. b5 Re7
47. Rd6 Nd7 48. Rd2 1-0

[Event "KUP CENTRALNE SRBIJE"]
[Site "Kragujevac"]
[Date "2016.04.22"]
[Round "4.2"]
[White "Bjelanovic, Mile"]
[Black "Panic, Nenad"]
[Result "1/2-1/2"]
[WhiteElo "1895"]
[BlackElo "2352"]
[PlyCount "111"]
[EventDate "2016.04.20"]

1. e4 c5 2. c3 d5 3. exd5 Qxd5 4. d4 cxd4 5. cxd4 e6 6. Nf3 Nf6 7. Nc3 Qd8 8.
Bc4 Bb4 9. O-O O-O 10. Bg5 Nbd7 11. Ne4 Be7 12. Nxf6+ Bxf6 13. Bxf6 Qxf6 14.
Qe2 Nb6 15. Bb3 Rd8 16. Rad1 Nd5 17. Qe5 b6 18. Bxd5 Rxd5 19. Qxf6 gxf6 20. Rc1
Ba6 21. Rfe1 Rad8 22. h3 R5d7 23. Re3 Bb7 24. Rc2 Bd5 25. b3 Kg7 26. Nd2 Bb7
27. Ne4 Bxe4 28. Rxe4 Rxd4 29. Rxd4 Rxd4 30. Kf1 Rd7 31. Ke2 h5 32. Rc6 Kg6 33.
Ke3 f5 34. Rc4 e5 35. a4 f4+ 36. Ke2 f6 37. Rc8 Rd4 38. Rc7 a5 39. Rc6 Rb4 40.
Rc3 e4 41. Kd2 Rd4+ 42. Ke2 Kg5 43. Rc6 Rb4 44. Rc3 Kh4 45. Kd2 Rd4+ 46. Ke2
Rd3 47. Rxd3 exd3+ 48. Kxd3 f3 49. g4 hxg4 50. hxg4 Kh3 51. Kd4 Kh4 52. Kd5 Kh3
53. Kd4 Kxg4 54. Ke4 Kh4 55. Kf4 Kh5 56. Kf5 1/2-1/2

[Event "KUP CENTRALNE SRBIJE"]
[Site "Kragujevac"]
[Date "2016.04.22"]
[Round "4.2"]
[White "Ilic, Dragan M"]
[Black "Markovic, Predrag M"]
[Result "1-0"]
[WhiteElo "2333"]
[BlackElo "1808"]
[PlyCount "47"]
[EventDate "2016.04.20"]

1. d4 Nf6 2. c4 g6 3. Nc3 Bg7 4. e4 d6 5. f4 O-O 6. Nf3 c5 7. d5 e6 8. Be2 exd5
9. cxd5 Re8 10. e5 dxe5 11. fxe5 Ng4 12. Bg5 Qb6 13. O-O Nxe5 14. d6 c4+ 15.
Kh1 Nd3 16. Bxd3 Bxc3 17. Bxc4 Bg7 18. Be7 Be6 19. Bxe6 fxe6 20. d7 Nxd7 21.
Qxd7 e5 22. Nxe5 Bxe5 23. Qd5+ Kg7 24. Qxe5+ 1-0

[Event "KUP CENTRALNE SRBIJE"]
[Site "Kragujevac"]
[Date "2016.04.22"]
[Round "4.2"]
[White "Ugljesic, Nemanja"]
[Black "Zivkovic, Vladislav"]
[Result "0-1"]
[WhiteElo "1627"]
[BlackElo "2168"]
[PlyCount "70"]
[EventDate "2016.04.20"]

1. d4 d5 2. c4 e6 3. Nc3 c5 4. cxd5 exd5 5. Nf3 Nc6 6. g3 Nf6 7. Bg2 Be7 8. O-O
O-O 9. h3 Re8 10. Be3 c4 11. Ne5 h6 12. Nxc6 bxc6 13. Qc2 Bb4 14. b3 cxb3 15.
axb3 a5 16. Na4 Ba6 17. Nc5 Bb5 18. Bf3 Nd7 19. Nxd7 Qxd7 20. Kg2 Re7 21. Bg4
Qa7 22. Rfc1 Rae8 23. Bf5 Rxe3 24. fxe3 Rxe3 25. Bg4 Qxd4 26. Qf5 g6 27. Qf4
Re4 28. Qb8+ Kg7 29. Bf3 Re5 30. Rd1 Qe3 31. Ra2 Bc5 32. Rf1 Rf5 33. Rc2 Bd4
34. Qc8 Be5 35. Kh2 Rg5 0-1

[Event "KUP CENTRALNE SRBIJE"]
[Site "Kragujevac"]
[Date "2016.04.22"]
[Round "4.3"]
[White "Tosic, Miroslav"]
[Black "Rihterovic, Milan"]
[Result "1-0"]
[WhiteElo "2418"]
[BlackElo "2247"]
[PlyCount "119"]
[EventDate "2016.04.20"]

1. d4 Nf6 2. c4 e6 3. Nf3 d5 4. g3 c5 5. Bg2 Nc6 6. O-O Be7 7. cxd5 exd5 8.
dxc5 Bxc5 9. Bg5 O-O 10. Nc3 d4 11. Bxf6 Qxf6 12. Nd5 Qd8 13. Nd2 Bh3 14. Bxh3
Qxd5 15. Bg2 Qe6 16. Nb3 Bb6 17. Bxc6 bxc6 18. Nxd4 Qf6 19. Nf3 Qxb2 20. Qd2
Qf6 21. Rac1 h6 22. Rc4 Rfe8 23. Qc2 Re6 24. Kg2 Rd8 25. e3 Red6 26. Rc1 Qe6
27. Re4 Qf6 28. Qa4 Qb2 29. Qc2 Qf6 30. h4 g6 31. a4 Qf5 32. Qc4 Qd5 33. Re5
Qxc4 34. Rxc4 c5 35. h5 Rf6 36. Nh2 Kg7 37. Ng4 Rf5 38. hxg6 Rxe5 39. Nxe5 fxg6
40. a5 Bc7 41. Rxc5 Bd6 42. Rd5 Kf6 43. f4 Ke6 44. e4 Bc7 45. Rxd8 Bxd8 46. a6
g5 47. Nc6 Bb6 48. Kf3 gxf4 49. gxf4 Kd6 50. Nb4 h5 51. Nd5 Bd4 52. Ne3 Bc3 53.
Nf5+ Ke6 54. Ke3 Kf6 55. Nh4 Bb2 56. Kd2 Ke6 57. Nf3 Bf6 58. Ke3 Bd8 59. f5+
Kd6 60. Kf4 1-0

[Event "KUP CENTRALNE SRBIJE"]
[Site "Kragujevac"]
[Date "2016.04.22"]
[Round "4.3"]
[White "Minic, Ivan"]
[Black "Petrovic, Dejan"]
[Result "1/2-1/2"]
[WhiteElo "2134"]
[BlackElo "1941"]
[PlyCount "84"]
[EventDate "2016.04.20"]

1. d4 Nf6 2. Nf3 d5 3. g3 e6 4. Bg2 Nbd7 5. O-O Be7 6. Nbd2 O-O 7. c4 c6 8. Qc2
Rb8 9. e4 dxe4 10. Nxe4 Nxe4 11. Qxe4 Nf6 12. Qe2 Ne8 13. Rd1 Bf6 14. Ne5 Bd7
15. b3 Nc7 16. a4 Qc8 17. Ba3 Rd8 18. Ng4 Ne8 19. Nxf6+ Nxf6 20. Qe5 Re8 21. h3
Kh8 22. Rd3 Ng8 23. Rf3 f6 24. Qh5 e5 25. Bd6 e4 26. Re3 Ra8 27. Rxe4 Nh6 28.
Rxe8+ Qxe8 29. Qxe8+ Rxe8 30. g4 Nf7 31. Bf4 Re2 32. Bf3 Re8 33. Kf1 g5 34. Bc7
h5 35. Kg2 hxg4 36. hxg4 Nh6 37. Rh1 Kg7 38. Kg3 Kg6 39. Rd1 f5 40. gxf5+ Nxf5+
41. Kg2 Nh4+ 42. Kg3 Nf5+ 1/2-1/2

[Event "KUP CENTRALNE SRBIJE"]
[Site "Kragujevac"]
[Date "2016.04.22"]
[Round "4.3"]
[White "Mimovic, Predrag"]
[Black "Marinkovic, Vojkan"]
[Result "1/2-1/2"]
[WhiteElo "1993"]
[BlackElo "2009"]
[PlyCount "109"]
[EventDate "2016.04.20"]

1. e4 d5 2. Nc3 dxe4 3. Nxe4 Bf5 4. Ng3 Bg6 5. Nf3 Nd7 6. h4 h6 7. h5 Bh7 8. d4
e6 9. Bd3 Bxd3 10. Qxd3 Ngf6 11. Ne4 c6 12. Bf4 Nxe4 13. Qxe4 Nf6 14. Qe2 Qa5+
15. Bd2 Qf5 16. O-O-O Bd6 17. Rh4 O-O-O 18. g3 Rhe8 19. Ne5 Bxe5 20. dxe5 Nd7
21. Ba5 Nb6 22. Rhd4 Rd5 23. Bxb6 axb6 24. f4 Qh3 25. Rxd5 exd5 26. Qf3 b5 27.
Rh1 Qe6 28. g4 Rd8 29. Re1 d4 30. b3 f5 31. g5 Kc7 32. gxh6 gxh6 33. Rg1 Qe7
34. Qd3 Qa3+ 35. Kb1 Qc5 36. Rg7+ Kb6 37. Rg6 Qd5 38. Rxh6 Qh1+ 39. Kb2 Qh2 40.
Rd6 Rxd6 41. exd6 Qxf4 42. a3 c5 43. a4 bxa4 44. bxa4 Qxd6 45. Qxf5 Ka7 46. h6
Qxh6 47. Qxc5+ Qb6+ 48. Qxb6+ Kxb6 49. Kc1 Kc5 50. Kd2 Kc4 51. a5 Kb4 52. Kd3
Kc5 53. Ke2 Kc4 54. Kd2 Kc5 55. Ke2 1/2-1/2

[Event "KUP CENTRALNE SRBIJE"]
[Site "Kragujevac"]
[Date "2016.04.22"]
[Round "4.4"]
[White "Ostojic, Nikola"]
[Black "Mrsevic, Miroslav"]
[Result "1/2-1/2"]
[WhiteElo "2434"]
[BlackElo "2221"]
[PlyCount "46"]
[EventDate "2016.04.20"]

1. d4 d6 2. Nf3 g6 3. c4 f5 4. Nc3 Nf6 5. g3 Bg7 6. Bg2 O-O 7. O-O Qe8 8. d5
Na6 9. Nd4 Nc5 10. Rb1 a5 11. b3 Nfe4 12. Nxe4 Nxe4 13. Nb5 Nc3 14. Nxc3 Bxc3
15. Qd3 Bg7 16. e4 c5 17. a4 Qf7 18. f4 fxe4 19. Bxe4 Bh3 20. Rf2 Qe8 21. Bb2
Qd7 22. Re1 Bxb2 23. Rxb2 Rf7 1/2-1/2

[Event "KUP CENTRALNE SRBIJE"]
[Site "Kragujevac"]
[Date "2016.04.22"]
[Round "4.4"]
[White "Kahrovic, Mersid"]
[Black "Nestorovic, Lazar"]
[Result "1-0"]
[WhiteElo "2301"]
[BlackElo "2355"]
[PlyCount "75"]
[EventDate "2016.04.20"]

1. c4 Nf6 2. Nc3 g6 3. e4 d6 4. d4 Bg7 5. f3 O-O 6. Be3 Nbd7 7. Qd2 a6 8. Bd3
c5 9. Nge2 cxd4 10. Nxd4 e6 11. Rc1 Qc7 12. O-O b6 13. Rfd1 Bb7 14. Bf1 Rfe8
15. Nc2 Bf8 16. Nd4 Rac8 17. Qf2 Qb8 18. Nb3 Bc6 19. Rc2 Nc5 20. Nd4 Ba8 21.
Qh4 Bg7 22. Rcd2 d5 23. Bg5 Nh5 24. exd5 exd5 25. g4 h6 26. gxh5 hxg5 27. Qh3
gxh5 28. cxd5 Qf4 29. Qxh5 Re1 30. Qg4 Bxd4+ 31. Rxd4 Qe3+ 32. Kg2 Re8 33. Rxe1
Qxe1 34. Qxg5+ Kf8 35. Rh4 Qe5 36. Qxe5 Rxe5 37. Rh8+ Kg7 38. Rxa8 1-0

[Event "KUP CENTRALNE SRBIJE"]
[Site "Kragujevac"]
[Date "2016.04.22"]
[Round "4.4"]
[White "Brajovic, Miroljub"]
[Black "Zivkovic, Dejan"]
[Result "0-1"]
[WhiteElo "2087"]
[BlackElo "2304"]
[PlyCount "78"]
[EventDate "2016.04.20"]

1. e4 c6 2. d4 d5 3. e5 c5 4. dxc5 Nc6 5. Bb5 e6 6. Be3 Nge7 7. c3 Bd7 8. Bxc6
Nxc6 9. Nf3 a5 10. O-O Be7 11. Na3 f6 12. exf6 Bxf6 13. Re1 O-O 14. Nc2 Qc7 15.
Qd2 Rae8 16. Rad1 Ne7 17. Bd4 Ng6 18. Bxf6 Rxf6 19. b4 Ba4 20. Rc1 Ref8 21. Re3
Nf4 22. Nce1 Bb5 23. a3 Qf7 24. Ne5 Qh5 25. f3 Qg5 26. Kh1 h5 27. Rc2 h4 28.
Ng4 Rf5 29. h3 Re8 30. bxa5 Nh5 31. Kg1 Nf4 32. Rb2 Ba6 33. Qf2 Rc8 34. Qd2
Rxc5 35. Qd4 Rc8 36. Qd2 Qe7 37. Re5 Rxe5 38. Nxe5 Ne2+ 39. Kh2 Qc5 0-1

[Event "KUP CENTRALNE SRBIJE"]
[Site "Kragujevac"]
[Date "2016.04.22"]
[Round "4.5"]
[White "Trpkovic, Miroljub"]
[Black "Mitrovic, Marjan"]
[Result "0-1"]
[WhiteElo "1923"]
[BlackElo "2143"]
[PlyCount "96"]
[EventDate "2016.04.20"]

1. e4 c5 2. Nf3 d6 3. c3 Nf6 4. Bd3 Nc6 5. h3 g5 6. Nh2 h5 7. Bc2 Rg8 8. d4
cxd4 9. cxd4 g4 10. hxg4 hxg4 11. Nf1 Qb6 12. d5 Ne5 13. Ng3 Bd7 14. Nc3 Rc8
15. Ba4 Qa6 16. Bxd7+ Nfxd7 17. Qe2 Nd3+ 18. Kf1 Bg7 19. Rb1 Bxc3 20. bxc3 Rxc3
21. Be3 Ra3 22. Rd1 N7e5 23. Rd2 Qb5 24. Kg1 Qb1+ 25. Qf1 Qxf1+ 26. Kxf1 Nc4
27. Rc2 Nxe3+ 28. fxe3 Nc5 29. Ke2 Ra4 30. e5 b6 31. exd6 exd6 32. Nf5 Kd7 33.
Rh7 Rf8 34. Nh6 Ke7 35. Nf5+ Kd7 36. Nh6 Ke8 37. Nf5 Kd7 38. Nh6 Re4 39. Rxf7+
Rxf7 40. Nxf7 Ke7 41. Nh6 Kf6 42. Rc1 Kg6 43. Rh1 Ra4 44. a3 Ne4 45. Rh2 Nf6
46. Rh4 Ne4 47. Ng8 Nc3+ 48. Kf2 Nxd5 0-1

[Event "KUP CENTRALNE SRBIJE"]
[Site "Kragujevac"]
[Date "2016.04.22"]
[Round "4.5"]
[White "Djoric, Hadzi Goran"]
[Black "Rancic, Zoran"]
[Result "0-1"]
[WhiteElo "2126"]
[BlackElo "2203"]
[PlyCount "66"]
[EventDate "2016.04.20"]

1. e4 c5 2. Nf3 d6 3. Bb5+ Nd7 4. c4 Ngf6 5. Nc3 e6 6. O-O Be7 7. d4 cxd4 8.
Nxd4 O-O 9. Bxd7 Bxd7 10. b3 a6 11. Qd3 Qa5 12. Bd2 Qh5 13. Rad1 e5 14. Nde2 g5
15. Qg3 h6 16. f4 Bg4 17. fxg5 Nxe4 18. Nxe4 Bxe2 19. Nf6+ Bxf6 20. gxf6+ Qg6
21. Bxh6 Qxg3 22. hxg3 Rfd8 23. g4 Kh7 24. Bg7 Kg6 25. Kf2 Bxf1 26. Rxf1 d5 27.
Kg3 dxc4 28. Rf5 c3 29. Rh5 Rh8 30. Bxh8 c2 31. Rh1 Rxh8 32. Rc1 Rc8 33. Kf3
Kxf6 0-1

[Event "KUP CENTRALNE SRBIJE"]
[Site "Kragujevac"]
[Date "2016.04.22"]
[Round "4.5"]
[White "Zivkovic, Vladisa"]
[Black "Knezevic, Milija"]
[Result "1-0"]
[WhiteElo "1744"]
[BlackElo "1757"]
[PlyCount "104"]
[EventDate "2016.04.20"]

1. e4 e5 2. f4 Bc5 3. Nf3 exf4 4. d4 Bb6 5. Bxf4 h6 6. Bc4 d6 7. c3 Nf6 8. O-O
O-O 9. e5 dxe5 10. Nxe5 Nd5 11. Bc1 Nc6 12. Nxf7 Rxf7 13. Rxf7 Kxf7 14. Qh5+
Ke6 15. Na3 Qf6 16. Qxd5+ Ke7 17. Be3 Be6 18. Qe4 Qf5 19. Qxf5 Bxf5 20. Re1 Kf6
21. h3 g5 22. g4 Bd7 23. Rf1+ Kg6 24. Bd3+ Kg7 25. Nc4 Re8 26. Bf2 Rf8 27. Nxb6
axb6 28. d5 Ne5 29. Be2 Kg8 30. Kg2 Ng6 31. Bc4 Nf4+ 32. Kh2 b5 33. Bb3 Rf6 34.
Bd4 Rf8 35. d6+ Kh7 36. dxc7 Re8 37. Bc2+ Kg8 38. Rf2 Bc8 39. h4 Kf7 40. Bf5
Bxf5 41. gxf5 Nd5 42. hxg5 hxg5 43. Kg3 Nxc7 44. Rh2 Ke7 45. Kg4 Rg8 46. Rh7+
Kd6 47. b4 Kc6 48. Rg7 Ra8 49. Kxg5 Rxa2 50. Kg6 Ne8 51. f6 Rg2+ 52. Kf7 Re2
1-0

[Event "KUP CENTRALNE SRBIJE"]
[Site "Kragujevac"]
[Date "2016.04.22"]
[Round "4.6"]
[White "Dragasevic, Dragan"]
[Black "Vasic, Vladimir"]
[Result "0-1"]
[WhiteElo "2229"]
[BlackElo "2173"]
[PlyCount "38"]
[EventDate "2016.04.20"]

1. d4 d5 2. c4 dxc4 3. Nc3 e5 4. e3 exd4 5. exd4 Nf6 6. Bxc4 Be7 7. Nge2 O-O 8.
O-O Nbd7 9. Be3 Nb6 10. Bb3 c6 11. Qd3 Nbd5 12. Bg5 Be6 13. Rfe1 Nb4 14. Qd1
Bxb3 15. Qxb3 Qa5 16. Bh4 b6 17. Ng3 Rfe8 18. Re5 Nfd5 19. Rae1 Nd3 0-1

[Event "KUP CENTRALNE SRBIJE"]
[Site "Kragujevac"]
[Date "2016.04.22"]
[Round "4.6"]
[White "Dimitrijevic, Milorad"]
[Black "Gajic, Branko"]
[Result "1-0"]
[WhiteElo "2113"]
[BlackElo "2195"]
[PlyCount "73"]
[EventDate "2016.04.20"]

1. e4 c6 2. d4 d5 3. Nc3 dxe4 4. Nxe4 Nf6 5. Nxf6+ exf6 6. Bc4 Bd6 7. Ne2 Qc7
8. h3 O-O 9. O-O Re8 10. Be3 Nd7 11. Bb3 Nf8 12. c4 b6 13. Nc3 a6 14. Qf3 Ng6
15. Bc2 Bb7 16. Rad1 Rad8 17. Rfe1 c5 18. d5 Bc8 19. Qh5 Re5 20. Qe2 f5 21. Qf1
f4 22. Bc1 f3 23. Rxe5 Nxe5 24. g3 Qd7 25. Ne4 Bb8 26. Kh2 f5 27. Ng5 g6 28.
Bf4 h6 29. Ne6 Re8 30. Re1 Rxe6 31. dxe6 Qxe6 32. Bxh6 Qf6 33. Bf4 g5 34. Bxe5
Bxe5 35. Qd3 Kg7 36. Qd5 Bxb2 37. Re8 1-0

[Event "KUP CENTRALNE SRBIJE"]
[Site "Kragujevac"]
[Date "2016.04.22"]
[Round "4.6"]
[White "Cabarkapa, Mijomir"]
[Black "Jelisavcic, Srdjan"]
[Result "1/2-1/2"]
[WhiteElo "2180"]
[BlackElo "2089"]
[PlyCount "38"]
[EventDate "2016.04.20"]

1. Nf3 d6 2. d4 Bg4 3. e4 Nf6 4. Bd3 Nbd7 5. O-O e5 6. c3 Be7 7. Be3 O-O 8.
Nbd2 d5 9. Qc2 dxe4 10. Bxe4 Nxe4 11. Qxe4 Bxf3 12. Nxf3 exd4 13. Bxd4 c6 14.
Rad1 Bf6 15. Qf5 Qc7 16. Rfe1 Bxd4 17. Rxd4 Nf6 18. c4 Rad8 19. Rxd8 Rxd8
1/2-1/2

[Event "KUP CENTRALNE SRBIJE"]
[Site "Kragujevac"]
[Date "2016.04.22"]
[Round "4.6"]
[White "Ilic, Milenko"]
[Black "Jocovic, Slobodan"]
[Result "1/2-1/2"]
[WhiteElo "1854"]
[BlackElo "2087"]
[PlyCount "36"]
[EventDate "2016.04.20"]

1. e4 e6 2. d4 d5 3. Nd2 Nf6 4. e5 Nfd7 5. Bd3 c5 6. c3 Nc6 7. Ne2 Qb6 8. Nf3
cxd4 9. cxd4 Nb4 10. Bb1 Be7 11. O-O Nc6 12. a3 f5 13. Nf4 Nf8 14. b4 Qd8 15.
Bd3 a6 16. Bd2 Ng6 17. Rc1 Nxf4 18. Bxf4 O-O 1/2-1/2

[Event "KUP CENTRALNE SRBIJE"]
[Site "Kragujevac"]
[Date "2016.04.22"]
[Round "4.7"]
[White "Gajic, Nikola M"]
[Black "Savic, Bratislav"]
[Result "1/2-1/2"]
[WhiteElo "2008"]
[BlackElo "1932"]
[PlyCount "75"]
[EventDate "2016.04.20"]

1. e4 d6 2. Nf3 g6 3. d4 Bg7 4. Be3 Nd7 5. Bd3 h6 6. O-O e5 7. dxe5 Nxe5 8.
Nxe5 Bxe5 9. c3 Ne7 10. Qd2 Bg7 11. Bc4 a6 12. a4 Nc6 13. b4 Qh4 14. f4 Be6 15.
Bxe6 fxe6 16. Na3 O-O 17. Qd3 Rad8 18. b5 Nb8 19. Rac1 Qe7 20. Nc2 a5 21. Nd4
e5 22. Qc4+ d5 23. exd5 exd4 24. d6+ Qf7 25. Qxf7+ Rxf7 26. dxc7 Rxc7 27. cxd4
Rcd7 28. Rfd1 Kf7 29. Kf2 Re8 30. d5 Rde7 31. Bb6 Nd7 32. Bxa5 Re2+ 33. Kf1 b6
34. Rc7 bxa5 35. Rxd7+ R8e7 36. Rxe7+ Rxe7 37. Rc1 Bd4 38. Rc6 1/2-1/2

[Event "KUP CENTRALNE SRBIJE"]
[Site "Kragujevac"]
[Date "2016.04.22"]
[Round "4.7"]
[White "Matovic, Milovan"]
[Black "Milanovic, Tomislav"]
[Result "1-0"]
[WhiteElo "1934"]
[BlackElo "1872"]
[PlyCount "63"]
[EventDate "2016.04.20"]

1. e4 c5 2. Nf3 e6 3. c4 Nc6 4. d4 cxd4 5. Nxd4 a6 6. a3 Qb6 7. Nxc6 bxc6 8.
Nc3 d6 9. b4 Bb7 10. Be3 Qc7 11. Rb1 Nf6 12. Bd3 Be7 13. Rc1 O-O 14. O-O Nd7
15. f4 e5 16. f5 Qd8 17. Rf3 Bg5 18. Qd2 Bxe3+ 19. Qxe3 f6 20. Kf1 Kf7 21. Rh3
Rh8 22. Rd1 Ke7 23. Be2 c5 24. Qg3 Kf8 25. Rxd6 cxb4 26. axb4 Qc7 27. Qd3 Rd8
28. c5 Ke7 29. Nd5+ Bxd5 30. Qxd5 Nf8 31. Bc4 Ke8 32. Rxd8+ 1-0

[Event "KUP CENTRALNE SRBIJE"]
[Site "Kragujevac"]
[Date "2016.04.22"]
[Round "4.7"]
[White "Stojanovic, Vladimir M"]
[Black "Trifunovic, Mladen"]
[Result "0-1"]
[WhiteElo "1859"]
[BlackElo "1720"]
[PlyCount "144"]
[EventDate "2016.04.20"]

1. d4 d5 2. c4 e5 3. cxd5 Qxd5 4. Nf3 e4 5. Nc3 Bb4 6. Ng1 Nc6 7. e3 Nf6 8. Bd2
Bxc3 9. bxc3 O-O 10. Ne2 Bg4 11. h3 Bh5 12. Qc2 Bg6 13. Nf4 Qf5 14. g4 Qd7 15.
Be2 Qe7 16. Rb1 b6 17. c4 Nxd4 18. Qc1 Ne6 19. Nd5 Qd8 20. Nxf6+ Qxf6 21. Bc3
Qh4 22. Be5 f5 23. gxf5 Bxf5 24. Bg3 Qf6 25. Qb2 Qf7 26. Rc1 Nc5 27. Rh2 Rad8
28. Rd1 Rxd1+ 29. Kxd1 Qd7+ 30. Qd2 Bxh3 31. Qxd7 Bxd7 32. Bxc7 Rc8 33. Bg3 Be6
34. Rh4 Na4 35. Be5 Bxc4 36. Rxe4 Bxe2+ 37. Kxe2 Rc2+ 38. Kf3 Rxa2 39. Rg4 g6
40. Rd4 Nc5 41. Rd8+ Kf7 42. Rh8 h5 43. Rh7+ Ke6 44. Bd4 Nb3 45. Bg7 Kf5 46.
e4+ Ke6 47. Bc3 Nc5 48. Bd4 Nd3 49. Rg7 Ne5+ 50. Kg2 Ra4 51. Bxe5 Kxe5 52. f3
Kf6 53. Rh7 a5 54. Kg3 Ra1 55. f4 Ra3+ 56. Kf2 Rc3 57. e5+ Ke6 58. Rg7 Kf5 59.
Rf7+ Ke6 60. Rf6+ Ke7 61. Rxg6 b5 62. f5 b4 63. Rg7+ Kf8 64. f6 Rc6 65. Ke3 Rb6
66. Rh7 b3 67. Rh8+ Kf7 68. Rh7+ Kg8 69. Rg7+ Kf8 70. Rc7 b2 71. Rc8+ Kf7 72.
Rc7+ Kg6 0-1